Online
Catalog

Análisis de la productividad del marketing / (Record no. 23953)

MARC details
000 -CABECERA
campo de control de longitud fija 00864nam a2200229 a 4500
001 - NÚMERO DE CONTROL
campo de control 000024460
005 - FECHA Y HORA DE LA ÚLTIMA TRANSACCIÓN
campo de control 20200930023202.0
008 - DATOS DE LONGITUD FIJA--INFORMACIÓN GENERAL
campo de control de longitud fija 110127s1967 sp ad r 000 0 spa d
040 ## - FUENTE DE LA CATALOGACIÓN
Centro catalogador/agencia de origen DO-SdBNP
Lengua de catalogación spa
Centro/agencia transcriptor BNPHU
082 ## - NÚMERO DE LA CLASIFICACIÓN DECIMAL DEWEY
Número de clasificación xxxxxx
Número de documento/Ítem S511a
049 ## - FONDOS LOCALES (OCLC)
Fondos de biblioteca BNGR
100 1# - ENTRADA PRINCIPAL--NOMBRE DE PERSONA
Nombre de persona Sevin, Charles H.
9 (RLIN) 50139
245 10 - MENCIÓN DE TÍTULO
Título Análisis de la productividad del marketing /
Mención de responsabilidad, etc. Charles H. Sevin ; prólogo J. I. Marcos Lecuona ; traducción Niell Sureda.
260 ## - PUBLICACIÓN, DISTRIBUCIÓN, ETC.
Lugar de publicación, distribución, etc. Barcelona, España :
Nombre del editor, distribuidor, etc. Hispano Europea,
Fecha de publicación, distribución, etc. 1967.
300 ## - DESCRIPCIÓN FÍSICA
Extensión 163 p. :
Otras características físicas il., retrs. ;
Dimensiones 21.5 cm.
490 1# - MENCIÓN DE SERIE
Mención de serie E.S.A.D.E.
504 ## - NOTA DE BIBLIOGRAFÍA, ETC.
Nota de bibliografía, etc. Incluye referencias bibliográficas y notas al pie de las páginas.
534 ## - NOTA SOBRE LA VERSIÓN ORIGINAL
Frase introductoria Título de la edición original:
Mención de título del original Marketing productivity analysis
700 1# - PUNTO DE ACCESO ADICIONAL--NOMBRE DE PERSONA
Nombre de persona Marcos Lecuona, J. I.,
Término indicativo de función/relación pról.
9 (RLIN) 50140
700 1# - PUNTO DE ACCESO ADICIONAL--NOMBRE DE PERSONA
Nombre de persona Sureda, Niell,
Término indicativo de función/relación tr.
9 (RLIN) 50141
830 #0 - PUNTO DE ACCESO ADICIONAL DE SERIE-TÍTULO UNIFORME
Título uniforme E.S.A.D.E.
9 (RLIN) 50142
Holdings
Estado de retiro Estado de pérdida Restricciones de uso No para préstamo Código de colección Localización permanente Ubicación/localización actual Ubicación en estantería Fecha de adquisición Número de inventario Total de préstamos Signatura topográfica completa Código de barras Fecha visto por última vez Precio válido a partir de Tipo de ítem Koha
        Monografías: Libros y Folletos General General En catalogación 27.01.2011 LF1   xxxxxx S511a 24460-10 25.06.2020 25.06.2020 Préstamo en sala

Powered by Koha